Science Quiz

Random Science or Animal Quiz

The Sporcle Zoo VIII Quiz Stats

 Plays Quiz Updated Aug 5, 2016

Challenge
Share
Tweet
Score 0/25 Timer 07:00
0 Plays Today
% Correct
Ostrich
98.7%
King cobra
95.9%
Sea otter
87.5%
Hummingbird hawk-moth
81.7%
Cape porcupine
81.2%
Bonobo or pygmy chimpanzee
80.1%
Bald eagle
79.9%
Great white pelican
75.9%
Gharial or fish-eating crocodile
75.2%
Black-tailed trainbearer
73.3%
Yellow fever mosquito
71.5%
Hong Kong whipping frog or spot-legged tree frog
70.2%
Beluga or white whale
68.4%
% Correct
European rhinoceros beetle
48.6%
Saddle-billed stork
47.6%
Eastern velvet ant
45.8%
Glass octopus
44.8%
Giant grouper or brown spotted cod
42.6%
Red widow spider
40.1%
Gaur or Indian bison
36.6%
Giant clam
35.9%
Red-faced spider monkey
29.6%
Giant California sea cucumber
29.1%
Stove-pipe sponge
29%
Beluga sturgeon
28.6%

You're not logged in!

Compare scores with friends on all Sporcle quizzes.
Join for Free
OR
Log In

You Might Also Like...

Show Comments

Extras

Top Quizzes Today


Score Distribution

Your Account Isn't Verified!

In order to create a playlist on Sporcle, you need to verify the email address you used during registration. Go to your Sporcle Settings to finish the process.

Report this User

Report this user for behavior that violates our Community Guidelines.

Details: